LEADER 01329nam a2200289 u 4500 001 000000008490 003 CaOOAMICUS 005 20150213143242.0 008 940516s1983 it a u000 u ita u 035 $a10218831 040 $aPUL(R)$bita 100 1 $aLeone, Alfonso.$0(OLS)http://pul/name/8485 245 10$aProfili economici della Campania aragonse :$bricerche su ricchezza e lavoro nel Mezzogiorno medievale /$cAlfonso Leone. 260 $aNapoli :$bLiguori Editore,$c1983. 300 $a195 p.$b8 ill.$c21 cm 490 1 $aNuovo Medioevo, ;$v27 504 $aBibliografia in nota. 650 4$aEconomia agraria$yEvo medio.$0(OLS)http://pul/subject/7254 830 0$aNuovo Medioevo,$x0391-6049 ;$v27.$0(OLS)http://pul/title/338 850 $aPUL 852 $aPUL$W1$xSL Filosofia 1$y2$m110(1) E 27$j11990$nBK-PRI$b $qStampati$B11990$CPULBib$Z2$F11990 $H $81 852 $aPUL$W1$xDP1 Fondo Capitani$y116$m10 C 60$j163619$qFondi$B163617$CPULBib$Z2$F163617 $HCap528 $82 941 1 $a8 941 1 $a1 961 $aINV: 69520 996 $6245$aProfili economici della Campania aragonse :$bricerche su ricchezza e lavoro nel Mezzogiorno medievale$9(OLS)http://pul/title/12451 996 $6260$aNapoli :$bLiguori Editore$9(OLS)http://pul/publisher/48569 LEADER 01401nam a2200313 u 4500 001 000000004096 003 CaOOAMICUS 005 20070226104619.0 008 940514s1958 it u000 u ita u 035 $a10107839 040 $aPUL(R)$bita 100 1 $aDe Maria, Beniamino,$d1911-$0(OLS)http://pul/name/4247 245 13$aIl problema dei trapianti umani /$c[di] B. De Maria [e] G. Perico. 260 $aRoma :$bStudium,$c[1958] 300 $a74 p. ;$c17 cm 490 1 $aUniversale studium ;$v57 650 4$aTrapianto (Chirurgia)$xDiritto e legislazione.$0(OLS)http://pul/subject/3425 650 4$aTrapianto (Chirurgia)$xApetti morali.$0(OLS)http://pul/subject/3426 650 0$aTransplantation.$2//eng$0(OLS)http://pul/subject/3427 700 1 $aPerico, Giacomo,$cS.I.,$d1911-2000.$0(OLS)http://pul/name/4248 830 0$aUniversale studium ;$v57.$0(OLS)http://pul/title/5921 850 $aPUL 852 $aPUL$W1$xDP2 Diritto e Scienze Sociali 1$y65$m208 G 18$j5752$nBK-PRI$qStampati$B5752$CPULBib$Z2$F5752 $H20831 $82 852 $aPUL$W1$xDP1 Fondo Ciprotti$y59$m1536 E 57$j5753$nBK-PRI$b $qFondi$B5753$CPULBib$Z2$F5753 $81 941 1 $a8 941 1 $a1 961 $aINV: 1079. Fondo Ciprotti 996 $6245$aIl problema dei trapianti umani$9(OLS)http://pul/title/5947 996 $6260$aRoma :$bStudium$9(OLS)http://pul/publisher/47892